000 00329nam a2200145 i 4500
001 bg
245 0 _aFunkcional'nyj analiz i ego primenenie.
260 _aBaku :
_bIzdat. "ELM",
_c1971.
300 _as. 206.
040 _cBPK
041 _apol
080 _a517.5
942 _cKS
008 s pl f |000 0 pol
999 _c25535
_d25535